Parallel'nyje EVM Architektura, programmirovanije i algoritmy
Gespeichert in:
| 1. Verfasser: | |
|---|---|
| Weitere Verfasser: | |
| Format: | Buch |
| Sprache: | Russisch |
| Veröffentlicht: |
Moskva
Radio i svjaz'
1986
|
| Ausgabe: | 1. izd. |
| Tags: |
Keine Tags, Fügen Sie das erste Tag hinzu!
|
MARC
| LEADER | 00000nam a2200000 4500 | ||
|---|---|---|---|
| 001 | c030100 | ||
| 005 | 20240912131250.8 | ||
| 041 | 0 | |a rus | |
| 044 | |a RU | ||
| 245 | 1 | 0 | |a Parallel'nyje EVM |b Architektura, programmirovanije i algoritmy |c R.W. Hockney, C.R. Jesshope ; [Z angl. prel.] D.I. Abaškin |
| 250 | |a 1. izd. | ||
| 264 | 1 | |a Moskva |b Radio i svjaz' |c 1986 | |
| 300 | |a 389 s. | ||
| 100 | 1 | |a Hockney, R.W. | |
| 700 | 1 | |a Jesshope, C.R. | |